<?xml version="1.0" encoding="UTF-8"?>
<record
    xmlns:xsi="http://www.w3.org/2001/XMLSchema-instance"
    xsi:schemaLocation="http://www.loc.gov/MARC21/slim http://www.loc.gov/standards/marcxml/schema/MARC21slim.xsd"
    xmlns="http://www.loc.gov/MARC21/slim">

  <leader>01097nam a2200253 a 4500</leader>
  <controlfield tag="001">85296</controlfield>
  <controlfield tag="003">BD-RjUL</controlfield>
  <controlfield tag="005">20250723144626.0</controlfield>
  <controlfield tag="008">250723s2025    bg ||||| |||| 00| 0 ben d</controlfield>
  <datafield tag="020" ind1=" " ind2=" ">
    <subfield code="a">9789849919308</subfield>
    <subfield code="c">400.00</subfield>
  </datafield>
  <datafield tag="035" ind1=" " ind2=" ">
    <subfield code="a">(BD-RjUL)85296</subfield>
  </datafield>
  <datafield tag="040" ind1=" " ind2=" ">
    <subfield code="a">BD-RjUL</subfield>
    <subfield code="b">eng</subfield>
    <subfield code="c">BD-RjUL</subfield>
  </datafield>
  <datafield tag="041" ind1=" " ind2=" ">
    <subfield code="a">ben</subfield>
  </datafield>
  <datafield tag="082" ind1=" " ind2=" ">
    <subfield code="2">23</subfield>
    <subfield code="a">371.81095492 </subfield>
    <subfield code="b">HOC 2025</subfield>
  </datafield>
  <datafield tag="100" ind1=" " ind2=" ">
    <subfield code="a">&#x9B9;&#x9CB;&#x9B8;&#x9C7;&#x9A8;, &#x9AB;&#x9BE;&#x9B0;&#x9C1;&#x995; </subfield>
    <subfield code="9">795</subfield>
  </datafield>
  <datafield tag="245" ind1=" " ind2=" ">
    <subfield code="a">&#x9E9;&#x9EC; &#x99C;&#x9C1;&#x9B2;&#x9BE;&#x987; :</subfield>
    <subfield code="b">&#x99B;&#x9BE;&#x9A4;&#x9CD;&#x9B0; - &#x99C;&#x9A8;&#x9A4;&#x9BE;&#x9B0; &#x9AC;&#x9BF;&#x99C;&#x9AF;&#x9BC; &#x9AB;&#x9CD;&#x9AF;&#x9BE;&#x9B8;&#x9BF;&#x9AC;&#x9BE;&#x9A6;&#x9C7;&#x9B0; &#x9AA;&#x9A4;&#x9A8; /</subfield>
    <subfield code="c">&#x9AB;&#x9BE;&#x9B0;&#x9C1;&#x995; &#x9B9;&#x9CB;&#x9B8;&#x9C7;&#x9A8; </subfield>
  </datafield>
  <datafield tag="260" ind1=" " ind2=" ">
    <subfield code="a">&#x9A2;&#x9BE;&#x995;&#x9BE; :</subfield>
    <subfield code="b">&#x9B0;&#x9BE;&#x9AC;&#x9C7;&#x9AF;&#x9BC;&#x9BE; &#x9AC;&#x9C1;&#x995;&#x9B8;&#x9CD;,</subfield>
    <subfield code="c">&#x9E8;&#x9E6;&#x9E8;&#x9EB;</subfield>
  </datafield>
  <datafield tag="300" ind1=" " ind2=" ">
    <subfield code="a">&#x9E8;&#x9EA;&#x9E6; &#x9AA;&#x9C3;.;</subfield>
    <subfield code="c">&#x9E8;&#x9E8; &#x9B8;&#x9C7;&#x9AE;&#x9BF;.</subfield>
  </datafield>
  <datafield tag="650" ind1=" " ind2=" ">
    <subfield code="a">&#x99B;&#x9BE;&#x9A4;&#x9CD;&#x9B0; &#x986;&#x9A8;&#x9CD;&#x9A6;&#x9CB;&#x9B2;&#x9A8; </subfield>
    <subfield code="y">&#x99C;&#x9C1;&#x9B2;&#x9BE;&#x987;, &#x9E8;&#x9E6;&#x9E8;&#x9EA;</subfield>
    <subfield code="z">&#x9AC;&#x9BE;&#x982;&#x9B2;&#x9BE;&#x9A6;&#x9C7;&#x9B6; </subfield>
  </datafield>
  <datafield tag="650" ind1=" " ind2=" ">
    <subfield code="a">Student movements </subfield>
    <subfield code="y">July, 2024 </subfield>
    <subfield code="z">Bangladesh </subfield>
    <subfield code="9">16131</subfield>
  </datafield>
  <datafield tag="650" ind1=" " ind2=" ">
    <subfield code="a">&#x997;&#x9A3;&#x985;&#x9AD;&#x9CD;&#x9AF;&#x9C1;&#x9A4;&#x9CD;&#x9A5;&#x9BE;&#x9A8; </subfield>
    <subfield code="y">&#x99C;&#x9C1;&#x9B2;&#x9BE;&#x987;, &#x9E8;&#x9E6;&#x9E8;&#x9EA; </subfield>
    <subfield code="z">&#x9AC;&#x9BE;&#x982;&#x9B2;&#x9BE;&#x9A6;&#x9C7;&#x9B6; </subfield>
  </datafield>
  <datafield tag="650" ind1=" " ind2=" ">
    <subfield code="a">Mass uprising </subfield>
    <subfield code="y">July, 2024 </subfield>
    <subfield code="z">Bangladesh </subfield>
    <subfield code="9">16127</subfield>
  </datafield>
  <datafield tag="942" ind1=" " ind2=" ">
    <subfield code="2">ddc</subfield>
    <subfield code="c">BK</subfield>
  </datafield>
  <datafield tag="999" ind1=" " ind2=" ">
    <subfield code="c">85296</subfield>
    <subfield code="d">85296</subfield>
  </datafield>
  <datafield tag="952" ind1=" " ind2=" ">
    <subfield code="0">0</subfield>
    <subfield code="1">0</subfield>
    <subfield code="2">ddc</subfield>
    <subfield code="4">0</subfield>
    <subfield code="7">1</subfield>
    <subfield code="8">NFIC</subfield>
    <subfield code="a">RUCL</subfield>
    <subfield code="b">RUCL</subfield>
    <subfield code="c">Reading</subfield>
    <subfield code="d">2025-07-22</subfield>
    <subfield code="e">Biddasagar, Rajshahi</subfield>
    <subfield code="g">300.00</subfield>
    <subfield code="o">B 371.81095492  HOC 2025</subfield>
    <subfield code="r">2025-07-23 00:00:00</subfield>
    <subfield code="t">C-1</subfield>
    <subfield code="y">BK</subfield>
  </datafield>
  <datafield tag="952" ind1=" " ind2=" ">
    <subfield code="0">0</subfield>
    <subfield code="1">0</subfield>
    <subfield code="2">ddc</subfield>
    <subfield code="4">0</subfield>
    <subfield code="7">0</subfield>
    <subfield code="8">NFIC</subfield>
    <subfield code="a">RUCL</subfield>
    <subfield code="b">RUCL</subfield>
    <subfield code="c">GEN</subfield>
    <subfield code="d">2025-07-22</subfield>
    <subfield code="e">Biddasagar, Rajshahi</subfield>
    <subfield code="g">300.00</subfield>
    <subfield code="l">0</subfield>
    <subfield code="o">B 371.81095492  HOC 2025</subfield>
    <subfield code="r">2025-07-23 00:00:00</subfield>
    <subfield code="t">C-2</subfield>
    <subfield code="w">2025-07-23</subfield>
    <subfield code="y">BK</subfield>
  </datafield>
</record>
